000 00271nam a2200121Ia 4500
008 220204s9999 xx 000 0 und d
082 _a91 (100)
_bWRI
100 _aEsmond
245 0 _aWorld today
250 _aEd.4
260 _aLondon
_bMcGraw Hill
_c1978
942 _cBK
999 _c29922
_d29922